Civil War history - Statistics

General Stats
  • This quiz has been taken 90 times
  • The average score is 17 of 30
Answer Stats
Questions Answer % Correct
PA battle, considered a turning point in the War Gettysburg
97%
What city served as the Confederate capital? Richmond
87%
Who was the leader of the confederate army? Robert E Lee
87%
Who was Lincolns assassin? John Wilkes Booth
86%
First name of General Grant Ulysses
84%
This river is vital to the city of Washington DC Potomac
79%
This Virginia court house is where Lees army surrendered Appomattox
75%
President of the Confederacy Jefferson Davis
75%
What is the theater in which Lincoln was assassinated? Fords
74%
This rural area of western Maryland was another deadly battle Antietam
73%
City burned by Shermans army Atlanta
73%
This order decreed that slaves in rebel states were to be free Emancipation Proclamation
69%
This Confederate general was killed by friendly fire Stonewall Jackson
68%
This enactment marked the economical rebuilding of the South Reconstruction
65%
What is the middle name of Gen. William Sherman? Tecumseh
64%
Northern VA first full scale battle of the war Bull Run
61%
major battle in Mississippi, 1863 Vicksburg
58%
Mary Lincolns' maiden name Todd
57%
The movement of Shermans troops to Savannah March to the Sea
48%
This well known battle in TN was fought on April 6, 1862 Shiloh
43%
name of the Army that the above led Army of Northern Virginia
36%
The eldest son of the Lincolns Robert
34%
This Union army was led by George McClellan Army of the Potomac
30%
battle in which the above was wounded Chancellorsville
27%
This doctor was convicted of treating/hiding an injured Booth Samuel Mudd
22%
This man served as Secretary of War during Lincolns presidency Edwin Stanton
21%
Date marked the end of the war April 9, 1865
18%
Which battle occurred in WV in Sept 1862? Harpers Ferry
17%
What was the Western part of the war called? Western theater
17%
This boardinghouse owner was convicted of aiding Booth Mary Surratt
9%
No matching quizzes found
Score Distribution
Percent of People with Each Score
Percentile by Number Answered
Your Score History
You have not taken this quiz